| 000 | 00705cam a22002294a 4500 | ||
|---|---|---|---|
| 005 | 20250605164325.0 | ||
| 008 | 250528s ||||||||||||||||||||||||d | ||
| 035 | _a23023 | ||
| 020 | _a9780500285985 | ||
| 040 |
_aGR-AtMCL _bgre _dGR-AtMCL _eAACR2 |
||
| 245 | 1 | _aTHE INTERIOR DESIGN COURSE | |
| 250 | _a1 | ||
| 260 | _c2006 | ||
| 300 | _a144 | ||
| 505 | 0 | _aCONCEPT DEVELOPMENT DESIGN REALIZATION DESIGN PROJECTS BUILDING CONSTRUCTION PROFESSIONAL PRACTICE | |
| 520 | _aCONCEPT DEVELOPMENT DESIGN REALIZATION DESIGN PROJECTS BUILDING CONSTRUCTION PROFESSIONAL PRACTICE | ||
| 700 | 1 |
_aTangaz Tomris _98603 |
|
| 700 | 1 |
_aThames And Hudson _92417 |
|
| 942 | _cBK | ||
| 999 |
_c8064 _d8064 |
||